| 000 | 01241nam a22003017a 4500 | ||
|---|---|---|---|
| 005 | 20140723020003.0 | ||
| 008 | 140516b2014 ck ||||| |||| 00| 0 spa d | ||
| 020 | _a9789585824614 | ||
| 020 | _a978958584607 (obra completa ) | ||
| 041 | _aspa | ||
| 044 | _ack | ||
| 082 |
_a333.78 _bB61g |
||
| 110 | 1 | 0 |
_aFondo Biocomercio y Gestión Ambiental Estragégica _924067 |
| 245 | 1 | 0 | _aGuía Legal Ambiental de Ecoturismo en Colombia |
| 260 |
_aBogotá _bFondo Biocomercio y Gestión Ambiental Estragégica _c2014 |
||
| 300 |
_a50 p. _c20 cm. + _eCD-Rom |
||
| 490 |
_aGuias Legales Ambientales de Biocomercio _v1 |
||
| 505 | _aQué es el biocomercio. Principios y criterios. Cuales son las categorías del biocomercio. Como usa la guía | ||
| 505 | _aCap. 1 Ecoturismo | ||
| 505 | _aCap. 2 Como hacer una empresa de ecoturismo | ||
| 505 | _aCap. 3 Donde se puede desarrollar la actividad ecoturistica | ||
| 505 | _aCap. 4 Beneficios a los que se puede acceder si es un prestador de servicios ecoturísticos | ||
| 590 | _aNo trae el CD-ROM | ||
| 650 | 6 |
_aTurismo ecológico _zColombia _vguias _925042 |
|
| 650 | 6 |
_aDesarrollo sostenible _zColombia _925043 |
|
| 650 | 6 |
_aPolítica de turismo _zColombia _925044 |
|
| 942 |
_2ddc _cImpreso _01 |
||
| 999 |
_c8426 _d8426 |
||